Higher education of SC/ST girls in Orissa: a study of participation and attainment (Record no. 442512)

000 -LEADER
fixed length control field 00576cam a22001697a 4500
008 - FIXED-LENGTH DATA ELEMENTS--GENERAL INFORMATION
fixed length control field 180718b2011 xxu||||| |||| 00| 0 eng d
020 ## - INTERNATIONAL STANDARD BOOK NUMBER
International Standard Book Number 9788121211338
082 ## - DEWEY DECIMAL CLASSIFICATION NUMBER
Classification number BA27x5414 M687h
100 ## - MAIN ENTRY--PERSONAL NAME
Personal name Mishra, Bijoya
245 ## - TITLE STATEMENT
Title Higher education of SC/ST girls in Orissa: a study of participation and attainment
Statement of responsibility, etc. by Bijoya Mishra
260 ## - PUBLICATION, DISTRIBUTION, ETC.
Place of publication, distribution, etc. New Delhi
Name of publisher, distributor, etc. Gyan
Date of publication, distribution, etc. 2011
300 ## - PHYSICAL DESCRIPTION
Extent 298p.
650 ## - SUBJECT ADDED ENTRY--TOPICAL TERM
Topical term or geographic name entry element Education and state--India--Orissa
650 ## - SUBJECT ADDED ENTRY--TOPICAL TERM
Topical term or geographic name entry element Education, Higher--India--Orissa
650 ## - SUBJECT ADDED ENTRY--TOPICAL TERM
Topical term or geographic name entry element Dalits--Education--India--Orissa
650 ## - SUBJECT ADDED ENTRY--TOPICAL TERM
Topical term or geographic name entry element Girls--Education--India--Orissa
Holdings
Withdrawn status Lost status Damaged status Not for loan Permanent Location Current Location Date acquired Full call number Barcode Date last seen Price effective from Koha item type
        Indian Institute of Public Administration Indian Institute of Public Administration 2012-02-29 BA27x5414 M687h 84611 2018-07-21 2018-07-21 Book

Powered by Koha